[Event "Portugal Open 2019"]
[Site "Lisbon"]
[Date "2019.02.08"]
[Round "8.20"]
[White "Di Nicolantonio, Lucas"]
[Black "Li, Xueyi"]
[Result "0-1"]
[WhiteElo "2364"]
[BlackElo "2217"]
[Annotator "TA"]
[PlyCount "70"]
[EventDate "2019.01.25"]
[EventType "swiss"]
[EventCountry "POR"]
[SourceTitle "playchess.com"]
[Source "ChessBase"]
[SourceQuality "1"]

{[%evp 14,70,-5,-10,-11,-45,-31,-69,-59,-50,-60,-44,-26,-22,-18,-23,-19,-30,-16,-147,-151,-186,-181,-190,-193,-181,-188,-423,-435,-435,-432,-431,-427,-431,-423,-428,-414,-434,-432,-633,-399,-710,-703,-705,-698,-757,-748,-718,-806,-757,-611,-1004,-905,-29994,-29995,-29995,-29996,-29996,-29997]} 1. f4 d5 2. Nf3 Nf6 3. g3 g6 4. Bg2 Bg7 5. O-O O-O 6. d3 c5 7. c3 Nc6 {[%cal Bb8c6,Bc6e7,Be7d5,Bd5c3,Bc3e2][%mdl 32]} 8. Na3 Re8 {A03: Bird's Opening with 1...d5} 9. Nh4 h6 (9... b6 10. e4 dxe4 11. Qa4 Qxd3 12. Qxc6 Bd7 13. Qc7 Ng4 14. Re1 Bd4+ 15. cxd4 Qxd4+ 16. Be3 Nxe3 {1-0 (58) Carlsen,M (2837)-Adams,M (2715) London 2017}) 10. e4 e5 {Black is slightly better.} 11. f5 $146 ({Predecessor:} 11. exd5 Nxd5 12. Qf3 Nf6 13. Be3 exf4 14. gxf4 Ng4 15. Bf2 Bf6 16. Qg3 Nxf2 17. Nxg6 Ng4 18. Bxc6 bxc6 19. Ne5 Bxe5 20. fxe5 Rxe5 21. Rae1 Rg5 22. h4 Rg7 {0-1 (22) Ibanez Aullana,J (2279)-Forcen Esteban,D (2541) Roquetas de Mar 2018}) 11... g5 12. exd5 Ne7 13. Nf3 Nexd5 14. Nc4 e4 $36 {[%mdl 2048] Black has the initiative.} 15. dxe4 Nxe4 16. a4 (16. Ne3 $1 $11 {keeps the balance.} Ndf6 17. Qxd8 Rxd8 18. Nd2 Nxd2 19. Rd1) 16... Bxf5 $17 17. Nfe5 {[#]} Ndxc3 $1 18. Qh5 Bg6 {[%mdl 64] Deflection} 19. Nxg6 fxg6 20. Qxg6 $2 (20. Qf3 {was the only chance.} Ne2+ {[%mdl 64] Decoy} 21. Qxe2 Nxg3 {[%mdl 64] Double Attack} 22. Qf2 Nxf1 23. Qxf1) 20... Ne2+ $19 21. Kh1 N4xg3+ 22. hxg3 Nxg3+ {[%mdl 64] Double Attack} 23. Kh2 Nxf1+ 24. Bxf1 Qd4 25. Be3 {[#]} Qh4+ $1 (25... Rxe3 26. Nxe3 Qxe3 27. Bd3 $15) 26. Kg2 (26. Kg1 $142 Qg4+ 27. Kh1 Qh4+ 28. Kg1) 26... Qg4+ 27. Kh2 $2 (27. Kh1 Re4 28. Bf2 Rxc4 29. Bxc4+ Qxc4 30. Re1) 27... Re4 28. Bg2 Rxc4 29. Rf1 Qe2 {[%mdl 64] Double Attack} 30. Qe6+ Kh8 {Hoping for ...Rf4!} 31. Rf2 Qg4 32. Qg6 Rd8 {( -> ...Be5+)} 33. Bf3 Be5+ {Black mates.} 34. Kh1 {[#]} Rd1+ $1 35. Bxd1 Qxd1+ {[%mdl 64] Double Attack. Accuracy: White = 32%, Black = 97%.} 0-1

[Event "Portugal Open 2019"]
[Site "Lisbon"]
[Date "2019.02.08"]
[Round "8.21"]
[White "Sousa, Ludy Helsio Paulo"]
[Black "Miedema, David"]
[Result "1-0"]
[WhiteElo "2169"]
[BlackElo "2356"]
[Annotator "TA"]
[PlyCount "63"]
[EventDate "2019.01.25"]
[EventType "swiss"]
[EventCountry "POR"]
[SourceTitle "playchess.com"]
[Source "ChessBase"]
[SourceQuality "1"]

{[%evp 24,63,35,2,124,98,102,0,17,17,230,229,235,225,242,159,254,179,233,244,235,228,297,297,296,252,404,389,584,512,635,617,2254,2172,1554,1474,1265,1061,2800,2747,2231,1515]} 1. e4 c5 2. Nf3 Nc6 3. d4 cxd4 4. Nxd4 Nf6 5. Nc3 e5 6. Ndb5 d6 7. Bg5 a6 8. Na3 b5 9. Nd5 Be7 {[%cal Bf8e7,Be7f6,Bf6g5][%mdl 32]} 10. Bxf6 Bxf6 11. c3 Bg5 12. Nc2 Rb8 13. Nce3 {LiveBook: 3 Games. B33: Sicilian: Pelikan and Sveshnikov Variations} a5 {[#]} (13... O-O $11 {remains equal.}) 14. a4 $1 $16 Bxe3 {[#]} 15. Bxb5 $146 {[#]} ({Much worse is} 15. fxe3 Qh4+ 16. Kd2 bxa4 $15) ({Better is} 15. Nxe3 $16 Na7 16. axb5) ({Predecessor:} 15. Nxe3 bxa4 16. Qxa4 Bd7 17. Bb5 Qb6 18. c4 Qb7 19. Nf5 O-O {1-0 (101) Kamsky,G (2735)-Ljubojevic,L (2600) Monte Carlo 1996}) 15... Bxf2+ $1 $11 {[%mdl 512]} 16. Kxf2 {[%cal Be1f2,Bf2g1,Bg1h2][%mdl 32]} O-O $2 (16... Bb7 $11) 17. Bxc6 $18 Rxb2+ {[#]} 18. Kg1 $1 Be6 19. h3 Kh8 ({Wrong is} 19... Bxd5 $2 20. Bxd5 Qf6 21. Qf1 $18) (19... Qh4 $16 {is a better defense.} 20. Qf3 Rc8) 20. Qf3 Qg5 (20... f5 $142) 21. c4 f5 22. Kh2 Rc8 23. exf5 Bxf5 24. Ne3 {[%cal Bd5e3,Be3f5,Bf5d6,Bd6f7][%mdl 32]} Rxc6 $2 (24... Bd3) 25. Nxf5 Rcb6 (25... Qf4+ $142 26. Qxf4 exf4) 26. Rhd1 {[%cal Bh1d1,Bd1d8,Bd8d6][%mdl 32] White is clearly winning.} h5 27. Nxd6 Qg6 28. Nf7+ Kh7 29. Rd8 {[%csl Gf7][%cal Rd8h8]} Rb8 30. Rd6 R8b3 {[#]} 31. Qe4 $1 {[%mdl 512]} Rxg2+ (31... Qxe4 32. Ng5+) 32. Qxg2 {Precision: White = 89%, Black = 21%.} 1-0

[Event "Portugal Open 2019"]
[Site "Lisbon"]
[Date "2019.02.08"]
[Round "8.22"]
[White "Pantzar, Milton"]
[Black "Vasques, Antonio Pedro Freix"]
[Result "1-0"]
[WhiteElo "2331"]
[BlackElo "2210"]
[Annotator "TA"]
[PlyCount "131"]
[EventDate "2019.01.25"]
[EventType "swiss"]
[EventCountry "POR"]
[SourceTitle "playchess.com"]
[Source "ChessBase"]
[SourceQuality "1"]

{[%evp 9,131,22,24,11,11,24,27,14,24,29,33,31,26,0,22,26,26,13,27,13,22,12,42,39,25,41,25,0,20,0,19,14,6,0,0,0,4,0,95,0,32,18,102,60,174,178,166,141,157,149,152,148,135,124,153,140,138,139,278,275,163,41,26,26,26,33,30,43,43,31,62,71,71,64,135,128,123,128,130,105,105,85,82,68,114,34,28,34,58,60,426,3,400,311,419,373,310,279,382,379,747,738,597,531,1258,1202,1483,1355,1609,1488,29982,118,129,150,5385,5093,4040,3485,29968,29965,29978,29979,29975,29959]} 1. Nf3 Nf6 2. d4 g6 3. Nbd2 d5 4. b4 Bg7 5. e3 O-O 6. Bb2 {D02: 1 d4 d5 2 Nf3 sidelines, including 2...Nf6 3 g3 and 2...Nf6 3 Bf4} a5 (6... c6 7. c4 Nbd7 8. a4 Ne4 9. cxd5 Nxd2 10. Qxd2 cxd5 11. Bd3 Nf6 12. O-O Ne4 13. Qe2 Nd6 14. Rfc1 Bf5 15. Bxf5 gxf5 {1-0 (47) Sargissian,G (2689)-Kovalev,V (2683) St Petersburg 2018}) 7. b5 c5 8. bxc6 {White has an edge.} bxc6 9. Be2 Ba6 10. O-O c5 $146 ({Predecessor:} 10... Nbd7 11. c4 c5 {1-0 (35) Kozlowska,M-Halamus,A Bartkowa 2002}) 11. dxc5 Qc7 12. c4 Qxc5 13. Nb3 Qb4 14. cxd5 Bxe2 15. Qxe2 Nxd5 16. Bxg7 Kxg7 17. Rfd1 Nf6 18. Ne5 Qe4 19. Nc4 Nc6 20. Rac1 $36 {[%mdl 2048] White has the initiative.} Rfb8 21. h3 a4 22. Nc5 Qf5 23. Na3 Ne5 (23... Rd8 $11) 24. Nb5 (24. f4 $1 $16) 24... Qh5 25. Qxh5 Nxh5 (25... gxh5 $11 {keeps the balance.} 26. Nd4 a3) 26. Nd4 g5 (26... Rc8 $14) 27. Nf5+ $1 $18 Kf8 28. g4 Nf6 29. f4 Nf3+ 30. Kf2 Nh4 31. fxg5 Rb2+ 32. Kg3 Nxf5+ 33. gxf5 Nh5+ (33... Ne8 $16 {was necessary.}) 34. Kg4 Ng7 35. a3 (35. f6 $18 exf6 36. gxf6) 35... Rg2+ $14 36. Kf3 Rxg5 37. e4 Nh5 38. Rg1 Rxg1 39. Rxg1 {[%mdl 4096] Endgame KRN-KRN} Rc8 40. Rc1 $1 Ke8 41. Rc3 e6 (41... Ra8 $14) 42. fxe6 $16 fxe6 43. Nxa4 Ra8 44. Nb6 Ra6 45. Nc4 Nf6 46. Kf4 Ke7 47. Ne5 (47. Rb3 $16) 47... Ra4 $14 48. Nc6+ Kd6 49. Nb4 {Strongly threatening e5+.} Nd7 $2 {[%mdl 8192]} (49... Kd7 $1 $14) 50. Rc6+ $1 $18 Ke7 {[#]} 51. Ra6 $1 {[%cal Ra6a4]} Rxa6 52. Nxa6 {KN-KN} Kd6 53. Nb4 Kc5 54. h4 Kd4 $2 (54... h6 55. h5 Kc4) 55. Nc6+ Kc5 56. Ne5 Nf6 57. Ng4 Nd7 58. h5 Kd4 59. h6 Kd3 60. e5 $2 (60. Ne5+ {mates} Nxe5 61. Kxe5 Kc4 62. Kxe6 Kd3 63. Kd5 Kc3 64. e5 Kc2 65. e6) 60... Kd4 $16 {[#]} 61. a4 $1 {[%cal Ra4a5] Hoping for a5.} Kc5 $2 (61... Nf8 $16 62. Kg5 Nd7) 62. Nf6 $18 Nf8 63. Kg5 Kb4 {[#]} 64. Nxh7 $1 {[%mdl 576] Deflection. White mates.} Nxh7+ 65. Kg6 Nf8+ 66. Kg7 {Accuracy: White = 60%, Black = 40%.} 1-0

[Event "Portugal Open 2019"]
[Site "Lisbon"]
[Date "2019.02.08"]
[Round "8.23"]
[White "Lisowski, Krzysztof"]
[Black "Pastar, Slaven"]
[Result "1/2-1/2"]
[WhiteElo "2135"]
[BlackElo "2330"]
[Annotator "TA"]
[PlyCount "133"]
[EventDate "2019.01.25"]
[EventType "swiss"]
[EventCountry "POR"]
[SourceTitle "playchess.com"]
[Source "ChessBase"]
[SourceQuality "1"]

{[%evp 11,133,1,6,4,19,19,18,18,23,18,18,18,29,-20,-22,-11,30,0,6,0,11,-26,0,-10,0,0,-8,-17,-7,0,0,-9,0,0,0,0,47,0,7,0,54,40,49,39,43,21,12,0,0,0,0,0,0,0,0,0,0,-5,0,-19,0,-29,-6,-24,-23,-22,-20,-23,58,65,60,60,103,22,108,104,105,103,112,37,60,60,93,95,104,83,104,100,103,68,80,50,57,50,102,0,0,0,96,0,0,0,102,0,0,0,108,95,84,0,99,0,0,0,97,0,0,0,92,0,0,0,103,0]} 1. e4 e5 2. Nf3 Nc6 3. Bc4 Bc5 4. c3 Nf6 5. d4 exd4 6. e5 d5 7. Be2 {[#] C54: Giuoco Piano: 4 c3 Nf6, main lines with 5 d4 and 5 d3} d3 $1 {[%mdl 512]} 8. exf6 (8. Qxd3 Ng4) 8... dxe2 9. Qxe2+ {The position is equal.} Kf8 10. b4 Bd6 $1 11. b5 {Black must now prevent Bg5.} Na5 12. fxg7+ $146 ({Predecessor:} 12. Bg5 Qe8 13. Qxe8+ Kxe8 14. fxg7 Rg8 {½-½ (54) Jobava,B (2717)-Timman,J (2601) Hoogeveen 2014}) 12... Kxg7 13. O-O ({Avoid the trap} 13. Qe3 $2 Re8 $19) 13... Bg4 14. Be3 (14. Qd3 $5 {[%cal Rd3d4]} Bh5 15. Re1 $11) 14... Re8 $132 {[%mdl 2048] Black is not holding back} 15. Nbd2 Qd7 16. Qd3 Kg8 (16... Qf5 $5 {[%cal Rf5d3]} 17. Qd4+ f6 $15) 17. Nd4 Bh5 18. Nf5 Bg6 19. Nh6+ Kg7 $1 20. Qd4+ Be5 21. Qb4 Nc4 22. Nxc4 dxc4 23. Qxc4 Qd3 24. Qh4 Bxc3 25. Rac1 Bf6 (25... Bb2 $1 $11 26. Rfd1 (26. Rxc7 Rxe3 27. fxe3 Qxe3+ {[%mdl 64] Double Attack} 28. Kh1 Qxh6 $17) 26... Qxb5) 26. Bg5 Bxg5 27. Qxg5 Qd8 28. Nf5+ Kh8 29. Qxd8 Raxd8 30. Ne3 Bd3 31. Rfd1 Bxb5 32. Rxd8 Rxd8 33. Rxc7 $11 {[%mdl 4160] Endgame Double Attack. KRB-KRN} Rd7 34. Rc5 Bc6 35. h4 Kg7 36. Rc2 Kf6 37. Kf1 Rd4 38. g3 Bf3 39. Ke1 a5 (39... Ke6 $11) 40. Rc5 $1 $14 {[%cal Rc5f5] And now Rf5+ would win.} Ke6 41. Rxa5 Rb4 {[#]} 42. Rf5 (42. Nc2 $1 $16 {[%cal Rc2b4]} b6 43. Ra7 (43. Nxb4 bxa5 44. Nc2 Kd5 $14) 43... Rb1+ 44. Kd2) 42... Rb1+ (42... Bc6 $1 $11 {remains equal.}) 43. Kd2 $16 Be4 44. Rf4 Bc6 45. Rc4 (45. Nc2 $16) 45... Rb2+ 46. Rc2 Rb4 47. Kc3 Ra4 48. Kb3 Ra8 {...Ba4+ is the strong threat.} 49. Rc5 Rd8 50. Kc3 Be4 51. Nc4 Rd3+ 52. Kb4 Rd4 (52... f5 $14) 53. Kc3 ({White should play} 53. a4 $16) 53... Rd3+ $11 54. Kb4 (54. Kb2 $11 Kf6 55. Ne3) 54... Rd4 $16 55. Kc3 (55. Rb5 $16) 55... Rd3+ $11 56. Kb4 (56. Kb2 $11 Kf6 57. Ne3) 56... Rd4 $16 57. Kc3 (57. a4 $16) 57... Rd3+ $11 58. Kb4 (58. Kb2 $11 Kf6 59. Ne3) 58... Rd4 $16 59. Re5+ Kf6 {Strongly threatening ...Rxc4+!} 60. Rc5 Ke6 $1 61. Kc3 (61. a4 $16) 61... Rd3+ $11 62. Kb4 (62. Kb2 $11 Kf6 63. Ne3) 62... Rd4 $16 63. Kc3 (63. Rb5 $16) 63... Rd3+ $11 64. Kb4 ({White should try} 64. Kb2 $11 Kf6 65. Ne3) 64... Rd4 $16 65. Kc3 (65. Rb5 $16) 65... Rd3+ $11 66. Kb4 ({Better is} 66. Kb2 $11 f6 67. Rc8) 66... Rd4 $16 67. f3 {Accuracy: White = 36%, Black = 55%.} (67. a4 $16) 1/2-1/2

[Event "Portugal Open 2019"]
[Site "Lisbon"]
[Date "2019.02.08"]
[Round "8.24"]
[White "Martins, Bruno Andre Leite"]
[Black "Srinath, Rao S.V."]
[Result "0-1"]
[WhiteElo "2204"]
[BlackElo "2437"]
[Annotator "TA"]
[PlyCount "55"]
[EventDate "2019.01.25"]
[EventType "swiss"]
[EventCountry "POR"]
[SourceTitle "playchess.com"]
[Source "ChessBase"]
[SourceQuality "1"]

{[%evp 11,55,11,20,13,13,0,0,0,54,54,56,28,22,0,0,0,0,0,50,29,34,18,65,34,165,206,161,-157,48,47,78,0,289,285,327,-125,-135,-245,-237,-289,-272,-279,-281,-283,-275,-345]} 1. e4 e6 2. d4 d5 3. Nd2 Be7 4. Ngf3 Nf6 5. e5 Nfd7 6. Bd3 c5 7. c3 {C03: French Tarrasch: Unusual Black 3rd moves} b6 8. a4 Ba6 9. Bb5 {The position is equal.} c4 $146 (9... Bb7 $11) ({Predecessor:} 9... cxd4 10. cxd4 Qc8 11. Qe2 Qb7 12. O-O Bxb5 13. axb5 a6 14. Ne1 axb5 15. Rxa8 Qxa8 {½-½ (86) Andriasian,Z (2613)-Hou,Y (2590) Moscow 2010}) 10. b3 $14 cxb3 11. Nxb3 Qc8 12. O-O Bxb5 13. axb5 Qc4 14. Bg5 Bf8 15. Nbd2 Qxb5 16. c4 $36 {[%mdl 2048] White is pushing.} dxc4 17. Qe2 Na6 (17... Bb4 $1 $14) 18. Nxc4 Nc7 19. d5 $2 (19. Bh4 $18) 19... Qxd5 $2 (19... exd5 $17 20. Nd6+ Bxd6 21. Qxb5 Nxb5 22. exd6 Nxd6) 20. Rfd1 Qb7 $1 {[#]} 21. Rd6 ({And not} 21. Rxd7 Kxd7 22. Nd6 (22. Rd1+ $2 Nd5 $17) 22... Bxd6 $17) ({White should try} 21. Nd4 $1 $16) 21... Nd5 $2 {[%mdl 8192]} (21... Nc5 $1 $11 {and Black stays safe.}) 22. Nd4 $18 Be7 23. Nb5 $2 {[#]} ({Better is} 23. Bxe7 $18 {And now Rxe6! would win.} Kxe7 24. Nc6+ Kf8 25. Qf3) 23... O-O $1 $17 24. Rxd5 (24. Bxe7 $17 Nxe7 25. Rdd1) 24... Qxd5 $19 ({Much less strong is} 24... Bxg5 25. Rdd1 $17) 25. Bxe7 {Nbd6 is the strong threat.} Qxb5 {Black has a decisive advantage.} 26. Bxf8 Rxf8 ({But not} 26... Kxf8 27. Qe4 $17) 27. Qe4 Qb4 28. Qd4 {Accuracy: White = 25%, Black = 49%.} 0-1

[Event "Portugal Open 2019"]
[Site "Lisbon"]
[Date "2019.02.08"]
[Round "8.25"]
[White "Nielsen, Andre"]
[Black "Kaasen, Tor Fredrik"]
[Result "0-1"]
[WhiteElo "2201"]
[BlackElo "2387"]
[Annotator "TA"]
[PlyCount "68"]
[EventDate "2019.01.25"]
[EventType "swiss"]
[EventCountry "POR"]
[SourceTitle "playchess.com"]
[Source "ChessBase"]
[SourceQuality "1"]

{[%evp 25,68,-12,-21,-27,-24,-43,-40,-52,-45,-58,-60,-60,-45,-56,-33,-44,-45,-74,-38,-133,-140,-494,-475,-486,-468,-546,-553,-739,-739,-762,-696,-757,-753,-1412,-1422,-1413,-1361,-1677,-1677,-29986,-29987,-29986,-29987,-29986,-29987]} 1. e4 c5 2. Nf3 d6 3. d4 cxd4 4. Nxd4 Nf6 5. Nc3 a6 6. Bc4 e6 7. Bb3 Nbd7 8. f4 Nc5 9. f5 Be7 10. Qf3 O-O 11. Be3 e5 12. Nde2 Nxb3 13. axb3 b5 {[%cal Bb7b5,Bb5b4][%mdl 32]} 14. O-O {B86: Sicilian Scheveningen/Najdorf: 6 Bc4, without early ...b5} Bb7 15. Rfd1 Qc7 16. Rac1 $146 {Black is slightly better.} ({Predecessor:} 16. Ng3 b4 17. Na4 Bc6 18. Nb6 Rab8 19. Nc4 Bb5 20. Na5 Rfe8 21. Rdc1 d5 {0-1 (55) Stern,W (2495)-Sanakoev,G (2595) ICCF corr 1994}) 16... b4 17. Nd5 Bxd5 18. exd5 Rfc8 19. Ng3 h6 20. Ne4 a5 {[%cal Ba6a5,Ba5a4,Ba4a3,Ba3a2][%mdl 32]} 21. Rd3 a4 22. Nxf6+ (22. bxa4 $1 $15 Rxa4 23. c4) 22... Bxf6 $17 23. Qg4 $2 {[%mdl 8192] [#]} (23. bxa4 $17 {is more resistant.} Rxa4 24. b3) 23... e4 $1 $19 {[%mdl 512]} 24. Rdd1 (24. Qxe4 Bxb2) 24... h5 25. Qxe4 Bxb2 26. Rb1 a3 27. Qxb4 Bc3 28. Qf4 a2 29. Ra1 Bxa1 30. Rxa1 Qxc2 31. Bd4 Qb1+ 32. Kf2 Rc2+ {Black mates.} 33. Kg3 Qxb3+ 34. Kh4 Rxg2 {Accuracy: White = 22%, Black = 82%.} 0-1

[Event "Portugal Open 2019"]
[Site "Lisbon"]
[Date "2019.02.08"]
[Round "8.26"]
[White "Carrasco Martinez, Juan M."]
[Black "Alvarez Serrano, Carlos"]
[Result "1/2-1/2"]
[WhiteElo "2380"]
[BlackElo "2201"]
[Annotator "TA"]
[PlyCount "52"]
[EventDate "2019.01.25"]
[EventType "swiss"]
[EventCountry "POR"]
[SourceTitle "playchess.com"]
[Source "ChessBase"]
[SourceQuality "1"]

{[%evp 9,52,12,4,-1,15,5,31,32,64,34,48,13,32,16,12,8,16,19,26,18,18,25,21,22,50,38,38,35,82,81,85,18,38,18,19,5,12,5,16,9,34,0,0,-13,-16]} 1. e4 c5 2. Nc3 d6 3. f4 g6 4. Nf3 Bg7 5. Bb5+ Bd7 6. a4 {B23: Closed Sicilian: Lines without g3} Nc6 7. O-O Nd4 (7... e6 8. f5 exf5 9. d3 Nge7 10. Qe1 O-O 11. Qh4 f6 12. Bc4+ Kh8 13. Nb5 Be8 {0-1 (39) Carlsen,M (2855)-Giri,A (2782) Leuven 2016}) 8. d3 {White is slightly better.} Nh6 9. h3 O-O 10. Bc4 (10. f5 $5) 10... Kh8 11. Be3 f5 12. Qd2 $146 ({Predecessor:} 12. e5 Nxf3+ 13. Qxf3 Bc6 {1-0 (29) Xie,G (2413)-Stojic,D (2155) Parramatta 2008}) 12... Nxf3+ 13. Rxf3 Bc6 14. Rff1 Ng8 15. Rae1 Nf6 {[%cal Rf5e4]} 16. Bf2 b6 17. Be6 fxe4 18. dxe4 Ne8 19. Bh4 Nc7 20. Bb3 ({White should try} 20. Bd5 $16 Bxd5 21. Nxd5 (21. exd5 Rf7 $14)) 20... Qd7 $1 $11 21. Nd5 Rae8 $1 22. Nxc7 Qxc7 23. f5 gxf5 ({Avoid the trap} 23... Bxb2 $2 24. c3 $18) 24. exf5 c4 ({Don't go for} 24... Bxb2 $2 25. c3 $18) 25. Bxc4 Bxg2 $1 26. Rf4 Ba8 {Accuracy: White = 49%, Black = 43%.} 1/2-1/2

[Event "Portugal Open 2019"]
[Site "Lisbon"]
[Date "2019.02.08"]
[Round "8.27"]
[White "Plichta, Kamil"]
[Black "Gallardo Fernandez, Cesar"]
[Result "1-0"]
[WhiteElo "2347"]
[BlackElo "2194"]
[Annotator "RC"]
[PlyCount "61"]
[EventDate "2019.01.25"]
[EventType "swiss"]
[EventCountry "POR"]
[SourceTitle "playchess.com"]
[Source "ChessBase"]
[SourceQuality "1"]
[TimeControl "5400+30"]

1. d4 {[%emt 0:00:00]} Nf6 {[%emt 0:01:41]} 2. Bg5 {[%emt 0:00:00]} Ne4 {[%emt 0:01:43]} 3. h4 {[%emt 0:00:00]} h6 {[%emt 0:00:51]} 4. Bf4 {[%emt 0:00:02]} c5 {[%emt 0:02:37]} 5. d5 {[%emt 0:00:06]} Qb6 {[%emt 0:04:14]} 6. Nd2 {[%emt 0:00:07]} Nxd2 {[%emt 0:00:42]} 7. Bxd2 {[%emt 0:00:05]} e5 {[%emt 0:05:09]} 8. dxe6 {[%emt 0:02:23]} dxe6 {[%emt 0:00:32]} 9. Bc3 {[%emt 0:00:48]} Nc6 {[%emt 0:01:30]} 10. e3 {[%emt 0:01:25]} Bd7 {[%emt 0:04:41]} 11. a3 {[%emt 0:00:57]} Ne7 {[%emt 0:17:54]} 12. e4 {[%emt 0:04:52]} Bc6 {[%emt 0:01:33]} 13. Qe2 {[%emt 0:11:30]} O-O-O {[%emt 0:03:42]} 14. Nf3 {[%emt 0:00:57]} Ng6 {[%emt 0:10:08]} 15. h5 {[%emt 0:02:07]} Nf4 {[%emt 0:04:34]} 16. Qe3 {[%emt 0:00:06]} Nd5 {[%emt 0:01:42]} 17. exd5 {[%emt 0:00:50]} exd5 {[%emt 0:00:06]} 18. O-O-O {[%emt 0:02:44]} d4 {[%emt 0:01:16]} 19. Nxd4 {[%emt 0:00:15]} cxd4 {[%emt 0:00:51]} 20. Bxd4 {[%emt 0:00:12]} Bc5 {[%emt 0:12:25]} 21. Bxc5 {[%emt 0:01:35]} Rxd1+ {[%emt 0:00:07]} 22. Kxd1 {[%emt 0:00:05]} Qxb2 {[%emt 0:00:08]} 23. Bd3 {[%emt 0:07:38]} Rd8 {[%emt 0:01:47]} 24. Re1 {[%emt 0:12:16]} Bb5 {[%emt 0:06:27]} 25. Qh3+ {[%emt 0:03:26]} Kb8 {[%emt 0:00:20]} 26. Re3 {[%emt 0:00:45]} Qb1+ {[%emt 0:02:43]} 27. Kd2 {[%emt 0:00:35]} Ba4 {[%emt 0:00:35]} 28. Qg3+ {[%emt 0:00:48]} Ka8 {[%emt 0:00:16]} 29. Bd6 {[%emt 0:01:06]} Rc8 {[%emt 0:02:00]} 30. Bc7 {[%emt 0:00:16]} Qb2 {[%emt 0:00:33]} 31. Qg4 {[%emt 0:01:01]} 1-0

[Event "Portugal Open 2019"]
[Site "Lisbon"]
[Date "2019.02.08"]
[Round "8.28"]
[White "Lindbol, Aleksander"]
[Black "Chinguun, Sumiya"]
[Result "0-1"]
[WhiteElo "2190"]
[BlackElo "2286"]
[Annotator "TA"]
[PlyCount "56"]
[EventDate "2019.01.25"]
[EventType "swiss"]
[EventCountry "POR"]
[SourceTitle "playchess.com"]
[Source "ChessBase"]
[SourceQuality "1"]

{[%evp 11,56,30,65,52,68,51,41,40,49,27,54,0,35,-16,0,-13,0,0,24,18,11,10,25,5,19,-50,-50,-95,-106,-178,-181,-250,-244,-233,-252,-300,-248,-243,-234,-225,-233,-261,-239,-360,-273,-316,-322]} 1. e4 c5 2. Nf3 e6 3. d4 cxd4 4. Nxd4 a6 5. Nc3 Qc7 6. Bd3 Bc5 7. Nb3 {B43: Sicilian: Kan Variation: 5 Nc3} Be7 8. f4 (8. Qg4 g6 9. Qe2 d6 10. O-O Nd7 11. Bd2 Ngf6 12. Bh6 b5 13. f4 Bb7 14. Rae1 b4 {0-1 (43) Fressinet,L (2687)-Caruana,F (2804) Paris 2016}) 8... d6 9. Qf3 {White is slightly better.} b5 10. O-O Bb7 11. Be3 $146 (11. g4 $14) ({Predecessor:} 11. Bd2 Nf6 12. Rae1 Nbd7 13. Kh1 O-O 14. Qh3 g6 {1-0 (26) Molina,P (2059)-Duarte,G (1852) Caldas Novas 2011}) 11... Nd7 12. Rad1 ({White should try} 12. g4 $14) 12... Ngf6 13. a3 O-O 14. Qh3 Rfd8 15. g4 d5 16. exd5 exd5 17. Nd4 Ne4 18. Bxe4 (18. g5 $11) 18... dxe4 $15 19. Nf5 {[#]} Bf8 $1 20. g5 {[#]} (20. Bd4 $17) 20... Nb6 $1 $19 21. Ng3 (21. Nd4 {was called for.} Nc4 22. f5) 21... Nc4 22. Ngxe4 Re8 23. b3 Bxe4 24. Nxe4 Rxe4 25. bxc4 Qxc4 ({Don't do} 25... Bxa3 26. cxb5 axb5 27. Rf2 $17) 26. Bc1 Qxc2 27. Rd2 (27. Qd3 $142 Qc5+ 28. Kg2) 27... Qc4 28. Qf3 Rae8 {Accuracy: White = 43%, Black = 77%.} 0-1

[Event "Portugal Open 2019"]
[Site "Lisbon"]
[Date "2019.02.08"]
[Round "8.29"]
[White "Hill, Alistair"]
[Black "Risting, Eivind Olav"]
[Result "1/2-1/2"]
[WhiteElo "2152"]
[BlackElo "2282"]
[Annotator "TA"]
[PlyCount "80"]
[EventDate "2019.01.25"]
[EventType "swiss"]
[EventCountry "POR"]
[SourceTitle "playchess.com"]
[Source "ChessBase"]
[SourceQuality "1"]

{[%evp 20,80,23,22,30,31,23,31,0,-50,-50,-50,-52,-37,-44,-46,-26,-164,-141,-137,-131,-125,-72,-76,-75,-86,-93,-117,-116,-111,-62,-71,-70,-71,-46,-108,-102,-231,-124,-242,-197,-77,0,0,0,0,0,0,0,0,0,0,0,0,0,0,0,0,0,0,0,0,0]} 1. e4 c5 2. Nf3 d6 3. d4 cxd4 4. Nxd4 Nf6 5. Nc3 Nc6 6. Bg5 e6 7. Qd2 Be7 8. O-O-O O-O 9. f4 Nxd4 10. Qxd4 Qa5 11. Be2 h6 {B65: Sicilian: Richter-Rauzer: 7...Be7 8 0-0-0 0-0 9 f4 Nxd4} (11... Rd8 12. e5 dxe5 13. Qxe5 Qb6 14. f5 Bd7 15. fxe6 Bxe6 16. Be3 Qc6 17. Bf3 Qc4 18. Rxd8+ Rxd8 19. Bxa7 {1-0 (37) Khanin,S (2514)-Gutenev,A (2456) Cheliabinsk 2019}) 12. h4 Rd8 (12... hxg5 $2 13. hxg5 Nh7 14. Qf2 $18) 13. Qe3 Bd7 {White is slightly better.} 14. Bxf6 Bxf6 15. Rxd6 Bc6 $146 ({Predecessor:} 15... Bxc3 16. Qxc3 Qxa2 17. Qa3 Qxa3 18. bxa3 Bc6 19. Rxd8+ Rxd8 {0-1 (63) Kanarek,M (2130)-Mickiewicz,P (2364) Mielno 2006}) 16. Rxd8+ Rxd8 17. e5 Be7 18. a3 (18. Bf3 $11) 18... Bc5 19. Qg3 {[#]} Bxa3 $1 {[%mdl 512]} 20. Rd1 {And now Rxd8+ would win.} ({Avoid the trap} 20. bxa3 $2 Qxa3+ 21. Kb1 Rd4 $19) 20... Rxd1+ $40 {[%mdl 128] Black wants a kill.} (20... Bb4 $142 21. Rxd8+ Qxd8) 21. Nxd1 $17 Bb4 {[%cal Ra5a1]} 22. c3 Bc5 23. Bd3 Qa1+ 24. Kd2 Ba4 {[%csl Ga4][%cal Ra1d1]} 25. Bc2 Bxc2 26. Kxc2 Qa4+ 27. Kc1 (27. Kd2 $1 $15) 27... Qe4 28. h5 {[#]} (28. Kd2 $17) 28... b5 (28... a5 $1 $19 29. Kd2 b5) 29. Kd2 (29. b4 $17 {was the only chance.} Bb6 30. Kd2) 29... a5 $19 30. Nf2 (30. Qg4 $19) 30... Bxf2 ({Black should try} 30... Qd5+ $17 31. Nd3 Bb6) 31. Qxf2 $17 {[%mdl 4096] Endgame KQ-KQ. The position is equal.} b4 32. cxb4 $1 axb4 33. g3 Qd5+ 34. Ke3 Qb3+ 35. Kd4 Qd5+ 36. Ke3 Qc5+ 37. Kf3 Qc4 38. Qd2 b3 39. Ke3 {Hoping for Qd8+.} Qc5+ 40. Ke2 Qb5+ {Accuracy: White = 48%, Black = 62%.} 1/2-1/2